| 000 | 00670nam a22001697a 4500 | ||
|---|---|---|---|
| 999 |
_c15080 _d15080 |
||
| 003 | OSt | ||
| 082 | _2631.3 BRI/DE | ||
| 088 | _aP 115 | ||
| 100 |
_aBRIJESH KUMAR R _aGANGA NIMMY JOSE CHERIPURAM _92481 |
||
| 245 | _aDevelopment of a self propelled pre - germinated paddy seeder | ||
| 260 |
_aTavanur 2001 _bKelappaji College of Agricultural Engineering and Technology |
||
| 300 | _a36 | ||
| 500 | _aDevelopment of a self propelled pre - germinated paddy seeder | ||
| 520 | _ato study the metering characteristics of drums for pre-germinated seeds and to conduct field testing of self-propelled paddy seeder. | ||
| 700 |
_aEr. Manoj Mathew (Guide) _92327 |
||
| 942 | _cPR | ||